000 00449nam a2200169Ia 4500
003 GCL
008 140319s9999 xx 000 0 eng d
040 _aGCL /
_cGCL
082 0 4 _a953
_bL W
100 1 _aLEWIS, BERNARD
245 1 0 _aTHE WORLD OF ISLAM FARITH PEOPLE CULTURE /
_cLEWIS, BERNARD
260 _a[S.N] :
_bTHAMES AND HUDSON ،
_c1992
300 _a360 P P
650 0 4 _aنجد
650 0 4 _aحوادث المرور
942 _2ddc
_cBK
999 _c17590
_d17590